Wallis and Futuna City Quiz - Statistics

General Stats
  • This quiz has been taken 24 times
  • The average score is 3 of 5
Answer Stats
City % Correct
Mata'utu
85%
Falaleu
54%
Liku
46%
Ono
38%
Utufua
38%
No matching quizzes found
Score Distribution
Percent of People with Each Score
Percentile by Number Answered
Your Score History
You have not taken this quiz